La escuela única a la luz de la pedagogía y del derecho / (Record no. 34082)

MARC details
000 -LEADER
campo de control de longitud fija 00478nam a2200157 i 4500
001 - NÚMERO DE CONTROL
campo de control 34082
003 - IDENTIFICADOR DE NÚMERO DE CONTROL
campo de control ES-MaACL
005 - FECHA Y HORA DE LA ÚLTIMA TRANSACCIÓN
campo de control 20230906154856.0
007 - CAMPO FIJO DE DESCRIPCIÓN FÍSICA--INFORMACIÓN GENERAL
campo de control de longitud fija t|
008 - DATOS DE LONGITUD FIJA--INFORMACIÓN GENERAL
campo de control de longitud fija 030204s1931 sp ||||1| spa d
100 1# - ENTRADA PRINCIPAL--NOMBRE DE PERSONA
Nombre de persona Blanco Nájera, Francisco.
9 (RLIN) 29275
245 13 - MENCIÓN DEL TÍTULO
Título La escuela única a la luz de la pedagogía y del derecho /
Mención de responsabilidad, etc. Francisco Blanco Nájera.
260 ## - PUBLICACIÓN, DISTRIBUCIÓN, ETC.
Lugar de publicación, distribución, etc. Jaén :
Nombre del editor, distribuidor, etc. [s.n.,
Fecha de publicación, distribución, etc. 1931] (
Fabricante El Pueblo Católico)
300 ## - DESCRIPCIÓN FÍSICA
Extensión 188 p. ;
Dimensiones 20 cm.
852 ## - LOCALIZACIÓN
Ubicación ES-MaACL
Número de control de estantería F-13729
Holdings
Estatus retirado Estado de pérdida Estado de daño No para préstamo Biblioteca de origen Biblioteca actual Ubicación en estantería Fecha de adquisición Fuente de adquisición Total de préstamos Signatura topográfica completa Código de barras Visto por última vez Precio de reemplazo Tipo de ítem Koha
        Biblioteca del Ateneo de Madrid Biblioteca del Ateneo de Madrid Sala Pecera Planta 2 17/01/2008     F-13729 1035530 23/02/2023 23/02/2023 Libro impreso